List of Largest Shipping Lines in the world - Statistics

General Stats
  • This quiz has been taken 59 times
  • The average score is 6 of 10
Answer Stats
Answer % Correct
China Ocean Shipping (Group) Company
84%
Mediterranean Shipping Company
84%
Evergreen
80%
CMA-CGM
69%
Hapag-Lloyd
58%
Ocean Network Express
58%
Maersk Line
49%
Orient Overseas Container Line
42%
Yang Ming
42%
Pacific International Lines
18%
No matching quizzes found
Score Distribution
Percent of People with Each Score
Percentile by Number Answered
Your Score History
You have not taken this quiz